000
00223 a2200097 4500
001
55259
100
_a
245
_a
Nai manzalon ka rahi
260
_a
Rawelpendi
_b
Zyzzyua Publishing
_c
2005
090
_c
34222
_d
34222
942
_a
NUST-CAE
_c
MONOGRAPH
_c
26917
999
_c
290332
_d
290332